Špatná pověst /

Hlavní autor: Thompson, Vicki Lewis
Další autoři: Čort, Vladimír, 1943-2014
Jazyk: Čeština
Vydáno: Praha : Harlequin, 2002
Edice: Sexy!
Témata:
Fyzický popis: 224 s. ; 17 cm
Knihy
Uloženo v:
LEADER 01129nam a2200337 a 4500
001 000584380
003 CZ BrMZK
005 20100226100038.0
007 ta
008 020121s2002 xr g f cze d
015 |a cnb001068137 
020 |a 80-241-0975-1  |q (brož.) :  |c Kč 90,00 
035 |a (OCoLC)51187835 
040 |a BOA001  |c ze  |d BOA001 
041 1 |a cze  |h eng 
072 7 |a 821-31/-34  |x Milostná, dobrodružná, fantastická próza  |2 Konspekt  |9 25 
080 |a 821-312.5  |2 MRF 
080 |a (0:82-312.5)  |2 MRF 
100 1 |a Thompson, Vicki Lewis  |7 jn20001103710  |4 aut 
245 1 0 |a Špatná pověst /  |c Vicki Lewis Thompsonová ; [překlad Vladimír Čort] 
260 |a Praha :  |b Harlequin,  |c 2002 
300 |a 224 s. ;  |c 17 cm 
490 1 |a Sexy! ;  |v 1 (SE 1/02) 
500 |a Překlad z angličtiny 
655 7 |a milostné romány  |7 fd132840  |2 czenas 
700 1 |a Čort, Vladimír,  |d 1943-2014  |7 jk01021913  |4 trl 
765 0 |t Notorious  |9 česky 
830 0 |a Sexy! 
910 |a BOA001  |b 1-1095.843 
990 |a BK 
996 6 |b 2610155848  |c 1-1095.843  |l MZK  |r Sklad / do 1 hodiny  |n 8  |p p.v.  |w 000584380  |u 000010  |a 1  |e BOA001  |j MZK50  |s P